000 00443nam a2200181Ia 4500
001 8400
005 20260306160606.0
008 260306t2014||||xx |||||||||||||| ||spa||
041 _aESP
082 _a370.72
_bB59
100 _aBisquerra Alzina, Rafael
_eAUT
245 0 _aMetodología de la investigación educativa
260 _c2014
300 _a459 páginas :
_c21 cm.
650 _aGEN
654 _aCED
942 _cLIB
_dJUS
_fJUS
_2ddc
_n
999 _c8400
_d8400